[Event "Kecskemet Caissa IM 04"]
[Site "Kecskemet"]
[Date "2012.04.29"]
[Round "10"]
[White "Lyell, Mark"]
[Black "Meszaros, Gyula"]
[Result "1-0"]
[WhiteElo "2202"]
[BlackElo "2273"]
[PlyCount "105"]
[EventDate "2012.04.21"]
[EventType "tourn"]
[EventRounds "10"]
[EventCountry "HUN"]
[SourceTitle "EXT 2013"]
[Source "ChessBase"]
[SourceDate "2012.11.22"]
[SourceVersion "1"]
[SourceVersionDate "2012.11.22"]
[SourceQuality "1"]

1. e4 e6 2. d4 d5 3. e5 c5 4. c3 Nc6 5. Nf3 Bd7 6. Be2 f6 7. 0-0 cxd4 8. cxd4 Nh6 9. exf6 Qxf6 10. Bg5 Qg6 11. Bf4 Nf7 12. Nc3 Qf6 13. Bg3 Be7 14. Qd2 0-0 15. Rad1 g5 16. Bb5 Qg7 17. Rfe1 Rac8 18. Nxd5 Bd8 19. Nc3 g4 20. Ne5 Ncxe5 21. dxe5 Bxb5 22. Nxb5 Rc5 23. Qd7 Ba5 24. Nc3 Bxc3 25. bxc3 Ng5 26. Qd4 Rfc8 27. Qxg4 Qg6 28. h4 Nf7 29. Qxg6+ hxg6 30. Rd7 R8c7 31. Rxc7 Rxc7 32. Re3 Rc4 33. Rd3 b5 34. Rd7 a5 35. Rb7 Rc5 36. Rb6 Nxe5 37. Rxe6 Nd3 38. Rxg6+ Kf7 39. Rg5 Rxg5 40. hxg5 Nc1 41. a3 Ne2+ 42. Kf1 Nxc3 43. Be5 Ne4 44. f4 Nd2+ 45. Ke2 Nc4 46. Bc3 Kg6 47. g4 Nxa3 48. Bxa5 Nc4 49. Bd2 Kf7 50. Kd3 Ke6 51. Bc3 Nb6 52. f5+ Ke7 53. Ke4 1-0